LEADER 03436nam 2200601Ia 450 001 9910782006703321 005 20230721032431.0 010 $a94-012-0569-8 010 $a1-4356-3907-3 024 7 $a10.1163/9789401205696 035 $a(CKB)1000000000533856 035 $a(EBL)556796 035 $a(OCoLC)248060990 035 $a(SSID)ssj0000119491 035 $a(PQKBManifestationID)11140946 035 $a(PQKBTitleCode)TC0000119491 035 $a(PQKBWorkID)10057357 035 $a(PQKB)10888187 035 $a(OCoLC)248060990$z(OCoLC)712988510$z(OCoLC)764535814$z(OCoLC)781321588$z(OCoLC)796037170$z(OCoLC)989054123 035 $a(nllekb)BRILL9789401205696 035 $a(Au-PeEL)EBL556796 035 $a(CaPaEBR)ebr10380138 035 $a(MiAaPQ)EBC556796 035 $a(EXLCZ)991000000000533856 100 $a20080331d2008 uy 0 101 0 $aeng 135 $aur|n|---||||| 181 $ctxt 182 $cc 183 $acr 200 10$a"Ces forces obscures de l'a?me"$b[electronic resource] $ewomen, race and origins in the writings of Albert Camus /$fChristie Margerrison 210 $aAmsterdam [etc.] $cRodopi$d2008 215 $a1 online resource (357 p.) 225 1 $aFaux titre,$x0167-9392 ;$v311 300 $aDescription based upon print version of record. 311 $a90-420-2379-1 320 $aIncludes bibliographical references and index. 327 $aPreliminary Material -- Abbreviations -- Introduction -- Early Confrontations with Others: the Écrits de jeunesse -- The Death of Woman and the Birth of Culture -- The Man-god and Death as an Act of the Will -- The Dark Continent of L?Étranger -- Mythical women in La Peste -- Woman, Race and the Fall of Man -- Sexual topographies -- The First Man -- Selected Bibliography -- Index. 330 $aThis is the first major investigation of Camus?s prose fiction to explore the developing presentation of women, from the author?s earliest writings to his last, unfinished novel. Avoiding the traditional relegation of this subject to an emotional or private sphere, it traces Camus?s intellectual development in order to demonstrate the centrality of this subject to Camus?s work as a whole. If the Absurd, constructed over the body of the ?real? woman, liberates the writer to follow a ?true path? of literary creation, the impending loss of his Algerian homeland impells a return to ?all that he had not been free to choose?, the ties of blood. These conflictual and unresolved ties are here investigated, in conjunction with the presentation of mythical female figures expressing Camus?s darkest fears, partly voiced in other writings, concerning that ?other? Algeria for which he would never fight. Exploring complex interconnections between sexuality, ?race? and colonialism, this volume is pertinent to all who are interested in the writings of Camus, particularly those seeking relevant new ways of approaching his work. 410 0$aFaux titre ;$vno. 311. 606 $aWomen in literature 606 $aRace in literature 615 0$aWomen in literature. 615 0$aRace in literature. 676 $a848.91409 700 $aMargerrison$b Christine$01472199 801 0$bMiAaPQ 801 1$bMiAaPQ 801 2$bMiAaPQ 906 $aBOOK 912 $a9910782006703321 996 $a"Ces forces obscures de l'a?me"$93684907 997 $aUNINA LEADER 01162nam0 22002771i 450 001 UON00128827 005 20231205102747.816 100 $a20020107d1969 |0itac50 ba 101 $arus 102 $aRU 105 $a|||| 1|||| 200 1 $aAziatskij muzej institut vostokovedenija an SSSR (1818-1968)$fA. P. Bazijanc, N. A. Kuznecova, L. M. Kulagina 210 $aMoskva$cIzd. Nauka$d1969 215 $a148 p.$d17 cm 620 $aRU$dMoskva$3UONL003152 686 $aGEN F I$cGENERALIA - STORIA DELL'ORIENTALISMO$2A 700 1$aBAZIJANC$bAsot Padvakanovic$3UONV019106$0644102 701 1$aKULAGINA$bLjudmila Mixchajlovna$3UONV074958$0741364 701 1$aKUZNECOVA$bNina Alekseevna$3UONV010619$0650988 712 $aAkademija Nauk SSSR$3UONV247334$4650 801 $aIT$bSOL$c20241213$gRICA 899 $aSIBA - SISTEMA BIBLIOTECARIO DI ATENEO$2UONSI 912 $aUON00128827 950 $aSIBA - SISTEMA BIBLIOTECARIO DI ATENEO$dSI GEN F I 047 $eSI TUR2499 7 047 996 $aAziatskij muzej institut vostokovedenija an SSSR (1818-1968)$91471501 997 $aUNIOR